000 00611nam a2200241Ia 4500
003 OSt
005 20220912152007.0
006 a|||||r|||| 00| 0
007 ta
008 220909b |||||||| |||| 00| 0 eng d
024 _a62402
037 _cTextual
040 _aCSL
_beng
_cCSL
041 _aeng
082 _aL:7192, H2;1
100 _aNewman H H
245 0 _aTwins and super twins: A study of twins triplets quadruplets and quintuplets
260 _c1942
300 _ap.
_ccm.
650 _aMedicine
942 _hL:7192, H2;1
_cTEXL
_2CC
999 _c78840
_d78840